000 00652nam a2200205 i 4500
001 bg
100 1 _aIvanov, Bratislav.
245 1 0 _aSłownik japońsko-polski :
_b1006 znaków /
_cBratisław Iwanow.
260 _aWarszawa :
_bWydawnictwo Akademickie Dialog,
_c2007.
300 _a182 s. ;
_c17 cm.
650 9 _aSłowniki japońsko-polskie
020 _a9788389899637
040 _cBPK
041 0 _apol
_ajap
080 _a811.521::811.162.1]'374
920 _a978-83-89899-63-7
942 _cKS
008 s pl f |000 0 pol
999 _c52843
_d52843